000 00347nam a22001457a 4500
082 _a510
_bSAN/C
100 _aSANOOP, N P
245 _aCBSE MATHS-10 EXAM POINT
246 _aCBSE MATHS-10 EXAM POINT
_bCBSE MATHS-10 EXAM POINT
260 _aINDIA
_bMAXIMUM PUBLISHERS
_c2024
300 _a592
520 _aMATHS
650 _aMATHS
942 _cBK
999 _c8916
_d8916